LEADER 01180nam a2200277 u 4500 001 000000061241 003 CaOOAMICUS 005 20070226121013.0 008 010904s1996 nyu u000 u eng u 020 $a0060391634 035 $a10901197 040 $aPUL(R)$bita 100 1 $aBork, Robert H.$0(OLS)http://pul/name/41802 245 10$aSlouching towards Gomorrah :$bmodern liberalism and American decline /$cRobert H. Bork. 260 $aNew York . :$bRegan Books,$cc1996. 300 $axiv, 382 p. ;$c24 cm 500 $aComprende indice. 504 $aNote bibliografiche: p. [345]-366. 650 4$aLiberalismo.$0(OLS)http://pul/subject/3409 651 4$aStati Uniti$xCondizioni sociali.$0(OLS)http://pul/subject/19389 850 $aPUL 852 $aPUL$W1$xSL Religione 2$y84$mRH D3 5$j79819$nBK-PRI$b $qStampati altre collocazioni$B79819$CPULBib$Z2$F79819 $H $81 941 1 $a10 996 $6020$a0060391634$9(OLS)http://pul/number/79331 996 $6245$aSlouching towards Gomorrah :$bmodern liberalism and American decline$9(OLS)http://pul/title/81767 996 $6260$aNew York . :$bRegan Books$9(OLS)http://pul/publisher/70013 LEADER 01407nam a2200325 a 4500 001 000000161458 003 CaOOAMICUS 005 20170621130315.0 008 170621s2004 it a u000 u ita r 020 $a88-7742-492-3* 032 $aLibriCat 040 $aPUL$bita 100 1 $aVanzan, Piersandro,$cS.I.,$d1934-2011.$0(OLS)http://pul/name/30750 245 10$aGiovanni Palatucci il questore giusto /$cPiersandro Vanzan S.I., Mariella Scatena ; con la prefazione di Giuseppe Pisanu. 260 $aRoma :$bPro Sanctitate,$cstampa 2004. 300 $a150 p. :$bill. ;$c20 cm. 490 1 $aTra biografia e storia 504 $aBibliografia in nota. 600 14$aPalatucci, Giovanni,$d1909-1945.$0(OLS)http://pul/subject/44685 700 1 $aScatena, Mariella.$0(OLS)http://pul/name/103419 700 1 $aPisanu, Giuseppe.$0(OLS)http://pul/name/103420 830 0$aTra biografia e storia.$0(OLS)http://pul/title/201187 850 $aPUL 852 $aPUL$W1$xDP1 Fondo S. Lanza$y121$m11 A 44$j185414$qFondi$B188634$CPULBib$Z2$F188634 $H129845 $81 941 1 $a1 961 $aProvenienza: ufficio PUL del prof. Lanza. 996 $6020$a88-7742-492-3*$9(OLS)http://pul/number/162920 996 $6245$aGiovanni Palatucci il questore giusto$9(OLS)http://pul/title/201186 996 $6260$aRoma :$bPro Sanctitate$9(OLS)http://pul/publisher/64817